• 首页
  • 本馆介绍
  • 公告通知
  • 最新文献
  • 馆藏检索
  • 电子资源
  • 读者导购
  • 参考咨询
  • 我的图书馆
  • 登录
  • 详细信息显示
  • 放入我的书架
  • 预约/预借图书
  • 作者相关作品
  • 分类相关作品
  • 丛书相关作品
  • 出版社相关作品

书目信息

  • 表格格式
  • 工作单格式
  • 卡片格式
题名:
现代汉语
    
 
作者: 张暏之 , 张〓之 主编 ;王兴伟 编写
分册:  
出版信息: 北京   高等教育出版社  1996
页数: 342页
开本: 20cm
丛书名:
单 册:
中图分类: H109.4
科图分类: 41.2044
主题词: 汉语--现代--高等师范教育--教材
电子资源:
ISBN: 7-04-005702-6
000 00749nam0 2200253 45
001 0197102726
005 20070619170032.64
010    @a7-04-005702-6@dCNY11.50
100    @a19960825d1996 em y0chiy0121 ea
101 0  @achi
102    @aCN@b110000
105    @ay z 000yy
200 10 @a现代汉语@AXIAN DAI HAN YU@f张〓之主编@FZHANG HUI ZHI ZHU BIAN
210    @a北京@c高等教育出版社@d1996@h1998
215    @a342页@d20cm
300    @a成人高等师范专科小学教育专业教材 文科方向
606    @a汉语@z现代@x高等师范教育@x教材
690    @aH109.4
692    @a41.2044
701  0 @a张暏之@AZHANG HUI ZHI@4主编
701  0 @a张〓之@Azhang〓zhi@4主编
702  0 @a王兴伟@AWANG XING WEI@4编写
801  0 @aCN@bTSSF@c20070619
905    @a10447@dH109.4@e63
    
    现代汉语/张〓之主编.-北京:高等教育出版社,1996(1998)
    342页;20cm
    成人高等师范专科小学教育专业教材 文科方向
    
    ISBN 7-04-005702-6:CNY11.50
    
●
相关链接 在E读中查询图书 在五车中查询图书 在当当中查询图书 在豆瓣中查询图书


正题名:现代汉语     索取号:H109.4/63         预约/预借

序号 登录号 条形码 馆藏地/架位号 状态 备注
1 0654788   206547888   第二样本阅览室/ [索取号:H109.4/63] 在馆    
唐山师范学院图书馆 欢迎您!
大连网信软件有限公司© 版权所有